Dates Moyen Orient chapitre 1 - Statistiques

Statistiques générales
  • Ce quiz a été pris 30 fois
  • Le résultat moyen est 7 sur 100
Statistiques - réponses
Hint Réponse % Correct
Création de l'OLP 1964
50%
Elections législatives remportées par les kémalistes | Grève menée par Saad Zaghloul 1919
40%
Exil de Khomeiny 1965
40%
Arafat prend la tête de l'OLP 1969
40%
Renvoie des conseillers russes présent en Egypte 1972
40%
Début de l'évacuation du Sinaï 1979
40%
Elections législatives en Irak remportées par les chiites 2005
40%
Le Front Populaire négocie les relations avec les nouveaux Etats du Moyen-Orient 1936
30%
La Syrie se tourne vers Moscou 1957
30%
Nasser reçoit des renseignements russes 1967
30%
Fin de l'évacuation du Sinaï 1982
30%
Attentat au World Trade Center 11 septembre 2001
20%
Début du programme nucléaire iranien 1950'
20%
Départ des troupes américaines d'Irak 2011
20%
Nationalisation du Canal de Suez 26 juillet 1956
20%
Septembre noir en Jordanie Septembre 1970
20%
Ben Gourion proclame la création de "l'Etat juif en Palestine" 14 mai 1948
10%
Refus des Etats arabes 15 mai 1948
10%
Sadate succède à Nasser 15 octobre 1970
10%
Traité de Lausanne, mise à jour du traité de Sèvres 24 juillet 1923
10%
Indépendance de l'Egypte 28 février 1922
10%
Mort de Nasser 28 septembre 1970
10%
Création des Emirats Arabes Unis (E.A.U) 2 décembre 1971
10%
Date prévue pour l'offensive égyptienne contre Israël 6 octobre 1973
10%
Victoire turque contre les grecs et les arméniens Août 1922
10%
Coup d'Etat des "officiers libres" en Egypte Juillet 1952
10%
Révolte de Hussein Juin 1916
10%
Hussein se proclame roi du Hedjaz Octobre 1916
10%
Traité franco-libanais, Etat libanais si le Liban reconnait la Syrie 13 novembre 1936
0%
Afez el-Assad prend le pouvoir en Syrie 13 novembre 1970
0%
Indépendance du Bahreïn 14 août 1971
0%
Capture de Saddam Hussein 14 décembre 2003
0%
Accords du Quincy entre Roosevelt et Ibn Saoud 14 février 1945
0%
Coup d'Etat en Irak 14 juillet 1958
0%
Constitution syrienne, fondatrice de la république de Syrie 14 mai 1930
0%
Guerre civile au Liban 15 avril 1975
0%
Accords Sykes-Picot 16 mai 1916
0%
Bombardement de l'Irak 17 janvier 1991
0%
Premier choc pétrolier causé par l'OPAEP 17 octobre 1973
0%
Accords de Camp David 17 septembre 1978
0%
Le France quitte la SDN sur ordre de Pétain 18 avril 1941
0%
L'Égypte passe sous protectorat britannique 18 décembre 1914
0%
L'Italie envahit l'Ethiopie 1935-1936
0%
Constitution égyptienne 19 avril 1923
0%
Retour triomphal de Khomeini en Iran 1 février 1979
0%
Abolition du sultanat 1 novembre 1922
0%
République libanaise 1 septembre 1926
0%
Indépendance du Qatar 1 septembre 1971
0%
Indépendance du Koweit 20 juillet 1961
0%
Reconnaissance de l'Arabie Saoudite par les britanniques 20 mai 1927
0%
Invasion américaine 20 mars 2003
0%
Visite de Sadate en Israël, aboutira aux accords de Camp David 20 novembre 1977
0%
Coup d'Etat de Reza Khan 21 janvier 1921
0%
La Perse devient l'Iran 21 mars 1935
0%
Les "Fedayin" repousse Tsahal 21 mars 1968
0%
Opération "tempêtes du désert" 22 février 1991
0%
Nasser fait fermer le détroit de Turan 22 mai 1967
0%
Création de la Ligue Arabe 22 mars 1945
0%
Indépendance du Liban 22 novembre 1943
0%
Résolution 242 22 novembre 1967
0%
L'Arabie Saoudite devient un royaume 22 septembre 1932
0%
Saddam Hussein déclare la guerre à l'Iran 22 septembre 1980
0%
Pacte de Bagdad, refusé par Nasser 24 février 1955
0%
Invasion de l'Iran par les Alliés 25 août 1941
0%
Embargo économique contre l'Irak 25 août 1990
0%
Cessez-le-feu 25 octobre 1973
0%
L'Egypte entre à la SDN 26 mai 1937
0%
République de Turquie 29 octobre 1923
0%
Envahit le Koweït 2 août 1990
0%
Churchill lance un débarquement en Irak 2 mai 1941
0%
Déclaration Balfour 2 novembre 1917
0%
Mort par pendaison de Saddam Hussein 30 décembre 2006
0%
Destitution du SHAH perse, Reza Pahlévi couronné 31 octobre 1925
0%
Abolition du califat 3 mars 1924
0%
Indépendance de l'Irak, qui entre à la SDN 3 octobre 1932
0%
Prise d'otage à l'ambassade américaine de Téhéran 4 novembre 1979
0%
Prise d'otage de 11 athlètes israéliens aux Jeux Olympiques 4 septembre 1972
0%
Israel bombarde l'aviation égyptienne 5 juin 1967
0%
Bombardement d'Osirak, site nucléaire iranien 7 juin 1981
0%
Mort de Faycal Ier, émir d'Irak 8 septembre 1933
0%
Manifestation violemment réprimée en Iran 8 septembre 1978
0%
Massacre de Deir Yassin 9 avril 1948
0%
Chute de Bagdad 9 avril 2003
0%
Prise de Smyrne 9 septembre 1922
0%
Traité franco-syrien, Etat syrien si la Syrie reconnait le Liban 9 septembre 1936
0%
Contre offensive israélienne Avril 1948
0%
Conférence de Bandung pour les pays ne souhaitant pas s'aligner Avril 1955
0%
La Turquie, l'Egypte et la Syrie entrent en guerre contre l'Allemagne nazie Février 1945
0%
Fuite du SHAH en Egypte Janvier 1979
0%
Arrivée de Saddam Hussein au pouvoir en Irak Juillet 1979
0%
Saddam Hussein arrête de rembourser la dette au Koweït Juin 1990
0%
Survol égyptien des sites nucléaires israéliens Mai 1967
0%
Conférence du Caire Mars 1921
0%
Première offensive arabe contre Israël Mars 1948
0%
Britanniques remportent la bataille d'El-Alamein Novembre 1942
0%
Nasser signe une alliance avec la Syrie, l'Arabie Saoudite et la Syrie, en réponse au pacte de Bagdad Octobre 1955
0%
Création du Fatah (MLP) Octobre 1959
0%
Khomeini arrive en France Octobre 1978
0%
Offensive italienne contre l'Egypte Septembre 1940
0%
Aucun quiz correspondant
Distribution des résultats
% des personnes avec chaque résultat
Percentile par nombre de réponses
Votre historique - résultats
Vous n’avez pas pris ce quiz